000 00313nam a22001337a 4500
020 _a9848659545965
082 _a894.812.1
_bVEN/K
100 _aVENNIYUR, RASHEED
245 _aKATHA PARAYUNNA THOOLIKA
260 _aVENNIYUR
_bMANDHARAM
_c2023
300 _a140
650 _aMALAYALAM POETRY
_zKERALA
942 _cBK
999 _c7999
_d7999